ఆంధ్రాలో అధిక జనాభావున్న నగరాలు - వామ్మీస్ - Statistics

General Stats
  • This quiz has been taken 4 times
  • The average score is 5 of 10
Answer Stats
జనాభా నగరం % Correct
1,728,128 విశాఖపట్నం
100%
1,476,931 విజయవాడ
100%
670,073 గుంటూరు
75%
558,548 నెల్లూరు
50%
484,327 కర్నూలు
50%
476,873 రాజమండ్రి
25%
461,900 తిరుపతి
25%
340,613 అనంతపురం
25%
443,028 కాకినాడ
0%
344,893 కడప
0%
No matching quizzes found
Score Distribution
Percent of People with Each Score
Percentile by Number Answered
Your Score History
You have not taken this quiz